000 00271nam a22001217a 4500
008 170608b xxu||||| |||| 00| 0 eng d
041 _aeng
080 _a32
100 _a18
101 _aSHP
245 _aTHE PLITICS OF TWO LEVEL GAME
_cKIM.S.M
942 _2udc
_cBK
999 _c16484
_d16484